Statistics for Unavailable Pokémon in Sword and Shield

Click here to take the quiz!

General Stats

  • This quiz has been taken 47 times
  • The average score is 193 of 234

Answer Stats

Answer% Correct
Bayleef
96%
Beedrill
96%
Bellsprout
96%
Chikorita
96%
Croconaw
96%
Cyndaquil
96%
Fearow
96%
Feraligatr
96%
Girafarig
96%
Greninja
96%
Kakuna
96%
Meganium
96%
Pidgeot
96%
Pidgeotto
96%
Pidgey
96%
Piplup
96%
Quilava
96%
Raticate
96%
Rattata
96%
Spearow
96%
Totodile
96%
Typhlosion
96%
Victreebel
96%
Weedle
96%
Weepinbell
96%
Ampharos
91%
Arbok
91%
Braixen
91%
Chesnaught
91%
Chespin
91%
Chimchar
91%
Delphox
91%
Dewgong
91%
Dodrio
91%
Doduo
91%
Ekans
91%
Emboar
91%
Empoleon
91%
Fennekin
91%
Flaaffy
91%
Froakie
91%
Granbull
91%
Infernape
91%
Ledian
91%
Ledyba
91%
Mareep
91%
Monferno
91%
Oshawott
91%
Pignite
91%
Prinplup
91%
Samurott
91%
Seel
91%
Serperior
91%
Servine
91%
Snivy
91%
Snubbull
91%
Tepig
91%
Ariados
87%
Cascoon
87%
Clamperl
87%
Deoxys
87%
Dewott
87%
Drowzee
87%
Forretress
87%
Frogadier
87%
Grotle
87%
Houndoom
87%
Houndour
87%
Hypno
87%
Masquerain
87%
Panpour
87%
Pansage
87%
Pansear
87%
Paras
87%
Parasect
87%
Pineco
87%
Silcoon
87%
Simipour
87%
Simisage
87%
Simisear
87%
Spinarak
87%
Stantler
87%
Sunflora
87%
Sunkern
87%
Surskit
87%
Swellow
87%
Taillow
87%
Torterra
87%
Turtwig
87%
Venomoth
87%
Venonat
87%
Wurmple
87%
Aipom
83%
Ambipom
83%
Arceus
83%
Banette
83%
Beautifly
83%
Blitzle
83%
Cacnea
83%
Cacturne
83%
Carnivine
83%
Castform
83%
Chimecho
83%
Chingling
83%
Darkrai
83%
Delcatty
83%
Dustox
83%
Electrode
83%
Furret
83%
Geodude
83%
Gligar
83%
Gliscor
83%
Gogoat
83%
Golem
83%
Gorebyss
83%
Graveler
83%
Grimer
83%
Gulpin
83%
Hariyama
83%
Hoppip
83%
Huntail
83%
Jumpluff
83%
Mankey
83%
Mightyena
83%
Muk
83%
Patrat
83%
Poochyena
83%
Primeape
83%
Quilladin
83%
Sentret
83%
Seviper
83%
Shaymin
83%
Shuppet
83%
Skiploom
83%
Skitty
83%
Smeargle
83%
Staraptor
83%
Starly
83%
Swalot
83%
Teddiursa
83%
Unown
83%
Ursaring
83%
Voltorb
83%
Watchog
83%
Zangoose
83%
Zebstrika
83%
Alomomola
78%
Bastiodon
78%
Camerupt
78%
Donphan
78%
Flabébé
78%
Furfrou
78%
Grumpig
78%
Illumise
78%
Luvdisc
78%
Makuhita
78%
Manaphy
78%
Medicham
78%
Meditite
78%
Minun
78%
Misdreavus
78%
Mismagius
78%
Murkrow
78%
Nosepass
78%
Numel
78%
Oricorio
78%
Phanpy
78%
Phione
78%
Plusle
78%
Probopass
78%
Rampardos
78%
Skiddo
78%
Spewpa
78%
Spinda
78%
Spoink
78%
Staravia
78%
Vivillon
78%
Volbeat
78%
Breloom
74%
Buizel
74%
Burmy
74%
Cranidos
74%
Ducklett
74%
Eelektrik
74%
Floatzel
74%
Floette
74%
Florges
74%
Glameow
74%
Gumshoos
74%
Honchkrow
74%
Hoopa
74%
Kecleon
74%
Komala
74%
Kricketot
74%
Kricketune
74%
Litleo
74%
Pachirisu
74%
Pikipek
74%
Purugly
74%
Pyroar
74%
Scatterbug
74%
Shieldon
74%
Shroomish
74%
Slaking
74%
Slakoth
74%
Swanna
74%
Toucannon
74%
Tropius
74%
Trumbeak
74%
Vigoroth
74%
Yanma
74%
Yanmega
74%
Yungoos
74%
Bibarel
70%
Bidoof
70%
Bruxish
70%
Chatot
70%
Crabominable
70%
Crabrawler
70%
Deerling
70%
Eelektross
70%
Finneon
70%
Magcargo
70%
Meloetta
70%
Mothim
70%
Sawsbuck
70%
Slugma
70%
Tynamo
70%
Wormadam
70%
Leavanny
65%
Lumineon
65%
Minior
65%
Sewaddle
65%
Swadloon
65%

Score Distribution

Percentile by Number Answered

Percent of People with Each Score

Your Score History

You have not taken this quiz